| 000 | 00969nas a2200313 4500 | ||
|---|---|---|---|
| 001 | BR9604470 | ||
| 003 | BR-BrBNA | ||
| 005 | 20231205095321.0 | ||
| 007 | ta | ||
| 008 | 230509b bl.|||p| |||| 00| 00por d | ||
| 040 |
_aBR-BrBNA _bpor _cBiblioteca Nacional de Agricultura |
||
| 041 | _a(Pt) | ||
| 072 | _aJ10 | ||
| 100 | 1 | _aBorges, E.E. de L. e | |
| 100 | 1 | _aMoraes, G.H.K. de | |
| 100 | 1 | _aCandido, J.F. | |
| 100 | 1 | _aReis, F.P. | |
| 100 | 1 | _aSilva, D. da | |
| 245 | 1 | _aMobilizacao de reservas em sementes de angico-vermelho (Piptadenia peregrina Benth e armazenamento em diferentes recipientes e condicoes de ambientes | |
| 650 | _aAngico Vermelho | ||
| 650 | _aSemente | ||
| 650 | _aArmazenamento | ||
| 650 | _aLipidio | ||
| 650 | _aCarboidrato | ||
| 650 | _aGerminacao | ||
| 773 | 0 |
_tRevista Arvore (Brazil) _xISSN 0100-6762 _g(May-Aug 1991), v. 15(2) p. 126-136 _wBR9604470 |
|
| 909 |
_a202311 _bLúcia _c55 _dLúcia Elande |
||
| 942 |
_2AGRIS _n0 _cANA |
||
| 999 |
_c150024 _d150024 |
||